The African to-day and to-morrow; (Record no. 1217)

MARC details
000 -LEADER
fixed length control field 01136cam a2200349 4500
001 - CONTROL NUMBER
control field 304565
003 - CONTROL NUMBER IDENTIFIER
control field OSt
005 - DATE AND TIME OF LATEST TRANSACTION
control field 20230619104854.0
008 - FIXED-LENGTH DATA ELEMENTS--GENERAL INFORMATION
fixed length control field 700311r1969 enkb b 001 0 eng
010 ## - LIBRARY OF CONGRESS CONTROL NUMBER
LC control number 72442968
015 ## - NATIONAL BIBLIOGRAPHY NUMBER
National bibliography number B69-23240
020 ## - INTERNATIONAL STANDARD BOOK NUMBER
International Standard Book Number 071290395X
040 ## - CATALOGING SOURCE
Original cataloging agency DLC
Transcribing agency DLC
Modifying agency DLC
041 1# - LANGUAGE CODE
Language code of text/sound track or separate title engger
043 ## - GEOGRAPHIC AREA CODE
Geographic area code f------
050 00 - LIBRARY OF CONGRESS CALL NUMBER
Classification number GN645
Item number .W4 1969
082 00 - DEWEY DECIMAL CLASSIFICATION NUMBER
Classification number 301.29/6
Item number WES
100 1# - MAIN ENTRY--PERSONAL NAME
Personal name Westermann, Diedrich,
Dates associated with a name 1875-
240 10 - UNIFORM TITLE
Uniform title Afrikaner Heute und Morgen.
Language of a work English
245 14 - TITLE STATEMENT
Title The African to-day and to-morrow;
Statement of responsibility, etc. with a foreword by Lord Lugard.
250 ## - EDITION STATEMENT
Edition statement 3rd ed. reprinted.
260 ## - PUBLICATION, DISTRIBUTION, ETC. (IMPRINT)
Place of publication, distribution, etc. London,
Name of publisher, distributor, etc. Reprinted for the International African Institute by Dawsons,
Date of publication, distribution, etc. 1969.
300 ## - PHYSICAL DESCRIPTION
Extent ix, 174 p.
Other physical details maps.
Dimensions 23 cm.
350 ## - PRICE (NR) (BK AM CF MU VM SE) [OBSOLETE]
Price 60/-
500 ## - GENERAL NOTE
General note Written originally in German with title: Der Afrikaner Heute und Morgen, but first published in English.
504 ## - BIBLIOGRAPHY, ETC. NOTE
Bibliography, etc Bibliography: p. 167-168.
650 #0 - SUBJECT ADDED ENTRY--TOPICAL TERM
Topical term or geographic name as entry element Ethnology
Geographic subdivision Africa.
650 #0 - SUBJECT ADDED ENTRY--TOPICAL TERM
Topical term or geographic name as entry element Black people
Geographic subdivision Africa
General subdivision Education.
650 #0 - SUBJECT ADDED ENTRY--TOPICAL TERM
Topical term or geographic name as entry element Indigenous peoples
Geographic subdivision Africa.
906 ## - LOCAL DATA ELEMENT F, LDF (RLIN)
a 7
b cbc
c orignew
d u
e ncip
f 19
g y-gencatlg
942 ## - ADDED ENTRY ELEMENTS (KOHA)
Source of classification or shelving scheme Dewey Decimal Classification
Koha item type Books
Holdings
Withdrawn status Lost status Source of classification or shelving scheme Damaged status Not for loan Home library Current library Date acquired Total Checkouts Full call number Barcode Date last seen Price effective from Koha item type
    Dewey Decimal Classification     County Hall Archives County Hall Archives 06/19/2023   301.29/6 WES 10000276 06/19/2023 06/19/2023 Books
LIBRARY OPENING HOURS

When the Parliament is sitting: 8.00a.m - 7.00p.m or until the house adjourns
Mondays and Fridays and when the House is on Recess:  8.00a.m - 5.00p.m
Closed on Weekends and Public Holidays

Online Public Access Catalog (OPAC)
Website: http://www.parliament.go.ke
Bunge Library: https://libraryir.parliament.go.ke
Contact: library@parliament.go.ke | Tel no: (254-2)2221291 or 2848000 Ext 5043